[Event "International Tournament"]
[Site "San Francisco (USA)"]
[Date "1998.??.??"]
[EventDate "?"]
[Round "1"]
[Result "1-0"]
[White "Vinay Bhat"]
[Black "Eric Schiller"]
[WhiteElo "2235"]
[BlackElo "2190"]
[PlyCount "79"]

1.e4 c6 2.d4 d5 3.Nd2 dxe4 4.Nxe4 Bf5 5.Ng3 Bg6 6.h4 h6 7.f4
e6 8.Nf3 Nd7 9.h5 Bh7 10.Bd3 Bxd3 11.Qxd3 Qc7 12.Bd2 O-O-O
13.Qe2 Kb8 14.O-O-O Ngf6 15.Ne5 Nb6 16.Ba5 Rd5 17.Bxb6 axb6
18.c4 Ra5 19.Kb1 Bd6 20.Ne4 Nxe4 21.Qxe4 Rd8 22.g4 Ra4 23.b3
Ra5 24.Rd3 Qe7 25.Rhd1 Bc7 26.R1d2 Ka7 27.Re2 Qf6 28.Kb2 Bd6
29.Red2 Ba3+ 30.Kb1 Bd6 31.c5 Bc7 32.b4 Ra4 33.Nxc6+ bxc6
34.Qxc6 Rxb4+ 35.Kc1 Rc4+ 36.Kd1 Rdxd4 37.Qxc7+ Ka8 38.Ra3+
Ra4 39.Rxa4+ Rxa4 40.Rd8+ 1-0

[Event "Frisco Masters"]
[Site "San Francisco"]
[Date "2000.04.02"]
[EventDate "2000.03.31"]
[Round "4"]
[Result "1/2-1/2"]
[White "Jaan Ehlvest"]
[Black "Vinay Bhat"]
[WhiteElo "2622"]
[BlackElo "2398"]
[PlyCount "92"]

1. e4 e6 2. d4 d5 3. Nc3 Nf6 4. Bg5 Bb4 5. e5 h6 6. Bc1 Ne4
7. Qg4 Kf8 8. Nge2 c5 9. a3 Bxc3+ 10. bxc3 cxd4 11. f3 h5
12. Qh3 Nxc3 13. Nxd4 Nd7 14. Bd2 Qc7 15. f4 Ne4 16. Bb4+ Kg8
17. Bd3 a5 18. Bd2 Ndc5 19. Qe3 Bd7 20. O-O g6 21. Be1 Kh7
22. Bh4 Rab8 23. Kh1 b5 24. Bf6 Rhe8 25. Nf3 b4 26. Qe1 Bb5
27. Bxb5 Rxb5 28. g4 Nxf6 29. Nd4 Rbb8 30. exf6 e5 31. Nf3
exf4 32. Qh4 Rh8 33. axb4 Ne4 34. gxh5 Kg8 35. Rg1 Ng3+
36. hxg3 Rxh5 37. Qxh5 gxh5 38. gxf4+ Kf8 39. Ne5 Qc3 40. Kh2
Qxc2+ 41. Rg2 Qf5 42. Nd7+ Ke8 43. Nxb8 Qxf4+ 44. Kh1 Qh4+
45. Rh2 Qe4+ 46. Rg2 Qh4+ 1/2-1/2

[Event "Val Zemitis IM"]
[Site "San Francisco"]
[Date "2000.04.09"]
[EventDate "2000.04.04"]
[Round "4"]
[Result "1/2-1/2"]
[White "Vinay Bhat"]
[Black "Altin Cela"]
[WhiteElo "2398"]
[BlackElo "2527"]
[PlyCount "106"]

1. e4 e5 2. Nf3 Nc6 3. Bb5 a6 4. Bxc6 dxc6 5. O-O f6 6. d4
exd4 7. Nxd4 c5 8. Nb3 Qxd1 9. Rxd1 Bg4 10. f3 Be6 11. Be3 c4
12. Nc5 Bc8 13. Nc3 Bd6 14. N5a4 Ne7 15. Nb6 Bxh2+ 16. Kxh2
cxb6 17. Na4 Be6 18. Bxb6 Kf7 19. Nc5 Nc8 20. Bc7 b6 21. Nxe6
Kxe6 22. Rd4 b5 23. a4 Ne7 24. axb5 axb5 25. Rxa8 Rxa8
26. Rd6+ Kf7 27. Rb6 Rc8 28. Rb7 Ke6 29. Ba5 Rc5 30. Bb4 Rh5+
31. Kg1 Nc6 32. g4 Re5 33. Bc3 Rc5 34. Rxg7 b4 35. Bd2 Ra5
36. Rc7 Kd6 37. Bf4+ Kc5 38. Rxh7 Ra2 39. e5 fxe5 40. Be3+ Kd5
41. g5 Rxb2 42. g6 Ra2 43. Rb7 Ra8 44. Rb5+ Kd6 45. Bc5+ Ke6
46. g7 Kf7 47. Bf8 Rb8 48. Rxb8 Nxb8 49. Bxb4 Nc6 50. Bc3 Nd4
51. Kf2 Kxg7 52. Ke3 Nxc2+ 53. Ke4 Nd4 1/2-1/2

[Event "Koltanowski Memorial"]
[Site "San Francisco"]
[Date "2000.12.15"]
[EventDate "2000.12.14"]
[Round "2"]
[Result "1/2-1/2"]
[White "Vinay Bhat"]
[Black "Vincent McCambridge"]
[WhiteElo "2417"]
[BlackElo "2459"]
[PlyCount "56"]

1. e4 e5 2. Nf3 Nc6 3. Bb5 Bc5 4. O-O d6 5. c3 Bd7 6. d4 Bb6
7. dxe5 Nxe5 8. Nxe5 dxe5 9. Qd5 Bxb5 10. Qxb5+ Qd7 11. Qxe5+
Ne7 12. Na3 O-O 13. Nc4 Rfe8 14. Nxb6 cxb6 15. Be3 Ng6 16. Qd5
Qe7 17. f3 Rad8 18. Qb5 Ne5 19. Rad1 h6 20. Qa4 Rxd1 21. Rxd1
f5 22. Rd5 fxe4 23. Qxe4 Nc4 24. Qxe7 Rxe7 25. Bd4 Nxb2
26. Rd8+ Kf7 27. Ra8 a6 28. Bxb6 Nd1 1/2-1/2

[Event "Koltanowski Memorial"]
[Site "San Francisco"]
[Date "2000.12.19"]
[EventDate "2000.12.14"]
[Round "6"]
[Result "1/2-1/2"]
[White "Vinay Bhat"]
[Black "John Fedorowicz"]
[WhiteElo "2535"]
[BlackElo "2417"]
[PlyCount "113"]

1. e4 c5 2. Nf3 d6 3. Bb5+ Nd7 4. O-O Ngf6 5. Re1 a6 6. Bf1
Ne5 7. c3 Nxf3+ 8. Qxf3 e5 9. a4 Be7 10. Na3 O-O 11. Nc4 Bg4
12. Qg3 Be6 13. a5 Ng4 14. Qd3 f5 15. f3 fxe4 16. Qxe4 d5
17. Qe2 Nxh2 18. Qxe5 Nxf3+ 19. gxf3 Rf6 20. Nb6 Bd6 21. Qxe6+
Rxe6 22. Rxe6 Qh4 23. Bg2 Rf8 24. d3 Rf6 25. Re2 Qg3 26. Be3
Rxf3 27. Bf2 Qh2+ 28. Kf1 Rf5 29. Nxd5 h5 30. Ra4 h4 31. Ne3
h3 32. Nxf5 Qxg2+ 33. Ke1 h2 34. Re8+ Bf8 35. Ng3 h1=Q+
36. Nxh1 Qxh1+ 37. Kd2 Qh6+ 38. Kc2 Qh2 39. Re2 Qh1 40. Rae4
Qf3 41. R4e3 Qf5 42. Re5 Qf3 43. Re8 Kh7 44. Be1 Bd6 45. c4
Bf4 46. Bc3 Qf1 47. Re1 Qf2+ 48. R8e2 Qf3 49. Re7 Bh6 50. R1e5
Qf1 51. Re1 Qg2+ 52. Kb3 Qf3 53. Rd7 Kg6 54. Rd6+ Kh7 55. Rd5
Be3 56. Rd7 Bd4 57. Ree7 1/2-1/2

[Event "Open"]
[Site "Andorra AND"]
[Date "2001.07.02"]
[EventDate "2001.06.30"]
[Round "3"]
[Result "1/2-1/2"]
[White "Jose Ribera Bazan"]
[Black "Vinay Bhat"]
[WhiteElo "2136"]
[BlackElo "2403"]
[PlyCount "129"]

1. d4 d5 2. c4 e6 3. Nf3 c6 4. Nc3 Nf6 5. g3 Be7 6. b3 O-O
7. Bg2 Nbd7 8. O-O b6 9. Bb2 Ba6 10. a4 Rc8 11. Nd2 Bb4 12. e4
dxc4 13. Nxc4 Qe7 14. e5 Nd5 15. Ne4 Rc7 16. Ned6 f5 17. exf6
gxf6 18. Ne4 Re8 19. Qf3 f5 20. Nc3 N7f6 21. Rfd1 Qg7 22. Ne5
Qh6 23. Rac1 Bxc3 24. Bxc3 Ne4 25. Re1 Ng5 26. Qd1 Nh3+
27. Bxh3 Qxh3 28. Qf3 Bb7 29. Qg2 Qh6 30. f3 Rec8 31. Bd2 Qf6
32. Rc2 c5 33. dxc5 Rxc5 34. Rxc5 Rxc5 35. Qe2 Rc7 36. Nc4 Bc8
37. Qe5 Qxe5 38. Rxe5 Bd7 39. Ne3 Ne7 40. Nc4 Nd5 41. Re1 Bxa4
42. bxa4 Rxc4 43. Rxe6 Rxa4 44. Re5 Rd4 45. Bg5 a5 46. Rxf5
Kg7 47. Kf2 a4 48. Bc1 Rd1 49. Ba3 Kg6 50. g4 b5 51. Ke2 Nc3+
52. Ke3 Rd8 53. h4 b4 54. Bxb4 Nd5+ 55. Kf2 Nxb4 56. Ra5 Rd2+
57. Ke3 Ra2 58. h5+ Kf6 59. g5+ Ke6 60. f4 Nd5+ 61. Ke4 Re2+
62. Kf3 Re3+ 63. Kf2 Rh3 64. f5+ Kxf5 65. Rxd5+ 1/2-1/2

[Event "Open"]
[Site "Andorra AND"]
[Date "2001.07.06"]
[EventDate "2001.06.30"]
[Round "7"]
[Result "0-1"]
[White "Jan Nordenbaek"]
[Black "Vinay Bhat"]
[WhiteElo "2253"]
[BlackElo "2403"]
[PlyCount "54"]

1. e4 e6 2. d4 d5 3. Nc3 Nf6 4. Bg5 Bb4 5. e5 h6 6. exf6 hxg5
7. fxg7 Rg8 8. h4 Nc6 9. h5 Rxg7 10. h6 Rh7 11. Bd3 Rh8
12. Qh5 Qf6 13. Nf3 Nxd4 14. Nxd4 Qxd4 15. Qxg5 Be7 16. Qh5
Qf6 17. Kf1 Bc5 18. Nd1 Bd7 19. g4 Be7 20. Nc3 O-O-O 21. h7 c5
22. Re1 c4 23. Be2 Bc6 24. g5 Qg7 25. Bg4 Bxg5 26. Rh3 f5
27. Bf3 Be8 0-1

[Event "Open"]
[Site "Andorra AND"]
[Date "2001.07.07"]
[EventDate "2001.06.30"]
[Round "8"]
[Result "0-1"]
[White "Vinay Bhat"]
[Black "Alexander Mikhalevski"]
[WhiteElo "2403"]
[BlackElo "2443"]
[PlyCount "74"]

1. e4 e5 2. Nf3 Nc6 3. Bb5 a6 4. Bxc6 dxc6 5. O-O Qd6 6. Na3
b5 7. c3 c5 8. Nc2 Ne7 9. a4 Rb8 10. axb5 axb5 11. d4 cxd4
12. cxd4 exd4 13. Nfxd4 c5 14. Nb3 Qc7 15. Be3 Ng6 16. Qh5 Ne5
17. Ra7 Rb7 18. Ra8 Bd6 19. f4 Nd3 20. Qd5 O-O 21. Na5 Nxf4
22. Bxf4 Bxf4 23. Rxc8 Rxc8 24. Qxb7 Bxh2+ 25. Kh1 Be5 26. Ne3
Qxb7 27. Nxb7 c4 28. Rb1 Re8 29. Nd5 Bd4 30. Re1 Bxb2 31. Nd6
Rb8 32. Kg1 c3 33. Nb4 Ba3 34. Nc6 Bxd6 35. Nxb8 Bxb8 36. Rb1
Bf4 37. Rxb5 c2 0-1

[Event "FSGM August"]
[Site "Budapest HUN"]
[Date "2001.08.05"]
[EventDate "2001.08.04"]
[Round "2"]
[Result "1/2-1/2"]
[White "Zoltan Medvegy"]
[Black "Vinay Bhat"]
[WhiteElo "2430"]
[BlackElo "2404"]
[PlyCount "89"]

1. e4 e6 2. d4 d5 3. Nc3 Nf6 4. Bg5 Bb4 5. e5 h6 6. Bd2 Bxc3
7. bxc3 Ne4 8. Qg4 Kf8 9. Bd3 Nxd2 10. Kxd2 c5 11. Nf3 Nc6
12. dxc5 Qa5 13. Qf4 Qxc5 14. Nd4 Bd7 15. Rhb1 Nxd4 16. cxd4
Qc7 17. a4 Rc8 18. Ra3 Bc6 19. a5 f5 20. h4 Qe7 21. Rc3 g5
22. Qg3 gxh4 23. Qe3 Kf7 24. a6 b6 25. Be2 Bd7 26. Rxc8 Bxc8
27. Rh1 Bd7 28. Qf4 Qg5 29. Rxh4 Qxg2 30. Rxh6 Rxh6 31. Qxh6
Qxf2 32. c3 f4 33. Qh5+ Kf8 34. Kc1 Qe1+ 35. Kb2 Qd2+ 36. Kb3
f3 37. Qh8+ Ke7 38. Qf6+ Ke8 39. Bxf3 Ba4+ 40. Kxa4 Qa2+
41. Kb4 Qb2+ 42. Ka4 b5+ 43. Ka5 Qxc3+ 44. Kxb5 Qb3+ 45. Ka5
1/2-1/2

[Event "FSGM August"]
[Site "Budapest HUN"]
[Date "2001.08.06"]
[EventDate "2001.08.04"]
[Round "3"]
[Result "1-0"]
[White "Vinay Bhat"]
[Black "Vasik G Rajlich"]
[WhiteElo "2404"]
[BlackElo "2330"]
[PlyCount "73"]

1. e4 c5 2. Nf3 d6 3. d4 cxd4 4. Nxd4 Nf6 5. Nc3 g6 6. g3 Nc6
7. Nde2 b6 8. Bg2 Ba6 9. O-O Bg7 10. a4 O-O 11. Re1 Rc8 12. h3
Nd7 13. Rb1 Nb4 14. Bd2 e6 15. Rc1 Qc7 16. Nb5 Bxb5 17. axb5
Qc5 18. c3 Nd3 19. Be3 Nxb2 20. Qb3 Qc4 21. Qxb2 Ne5 22. Nd4
Nd3 23. Qa3 Nxe1 24. Rxe1 Qxc3 25. Qxc3 Rxc3 26. Nc6 Ra8
27. e5 d5 28. Bd4 Rc2 29. Ra1 Bf8 30. Bxb6 Bc5 31. Bxc5 Rxc5
32. Rxa7 Rxa7 33. Nxa7 Rc1+ 34. Bf1 d4 35. Kg2 Rc3 36. b6 Rb3
37. Bb5 1-0

[Event "FSGM August"]
[Site "Budapest HUN"]
[Date "2001.08.07"]
[EventDate "2001.08.04"]
[Round "4"]
[Result "1/2-1/2"]
[White "Yelena Dembo"]
[Black "Vinay Bhat"]
[WhiteElo "2391"]
[BlackElo "2404"]
[PlyCount "142"]

1. e4 e6 2. d4 d5 3. Nd2 Nf6 4. e5 Nfd7 5. Bd3 c5 6. c3 Nc6
7. Ngf3 Be7 8. O-O Qb6 9. Re1 cxd4 10. cxd4 a5 11. Nb1 Nxd4
12. Nxd4 Qxd4 13. Nc3 Qb6 14. Qc2 Nc5 15. Be3 Qd8 16. Bxc5
Bxc5 17. Rad1 b6 18. Ne4 Bb4 19. Re3 Bb7 20. Bb5+ Kf8 21. Nd6
Bxd6 22. exd6 Rc8 23. Rc3 Rxc3 24. Qxc3 Qxd6 25. Rc1 Qc5
26. Qxc5+ bxc5 27. Rxc5 g6 28. Rc7 Ba8 29. Be8 Kg7 30. Rxf7+
Kh6 31. Re7 d4 32. Kf1 Bd5 33. Ke2 Kg5 34. Kd3 Rf8 35. Bd7
Rxf2 36. Kxd4 Rxb2 37. Rxh7 Rxg2 38. a4 Kf6 39. Be8 Rd2+
40. Ke3 Rb2 41. Rh6 Rb8 42. Bb5 Kg7 43. Rh3 e5 44. Rg3 Kf6
45. Rg1 Be6 46. h4 Rc8 47. Rf1+ Ke7 48. Bd3 Rh8 49. Rh1 Bf5
50. Be2 Kf6 51. Rh2 Rc8 52. Rh1 Rc3+ 53. Kf2 Ra3 54. Rc1 Be4
55. Rc4 Kf5 56. h5 g5 57. h6 Rh3 58. Rc5 Rxh6 59. Rxa5 Kf4
60. Rc5 g4 61. Bxg4 Rh2+ 62. Ke1 Kxg4 63. Rxe5 Kf4 64. Re8 Ke3
65. Rf8 Ra2 66. Rd8 Rxa4 67. Rd2 Bd3 68. Re2+ Kf3 69. Rf2+ Ke4
70. Kd2 Ra2+ 71. Ke1 Ra1+ 1/2-1/2

[Event "FSGM August"]
[Site "Budapest HUN"]
[Date "2001.08.10"]
[EventDate "2001.08.04"]
[Round "7"]
[Result "1-0"]
[White "Vinay Bhat"]
[Black "Csaba Balogh"]
[WhiteElo "2404"]
[BlackElo "2347"]
[PlyCount "45"]

1. e4 c5 2. Nf3 d6 3. d4 cxd4 4. Nxd4 Nf6 5. Nc3 Nc6 6. Bc4 e6
7. Be3 Be7 8. Qe2 Bd7 9. O-O-O Rc8 10. f4 Na5 11. Bd3 Rxc3
12. bxc3 Qc7 13. Nb5 Bxb5 14. Bxb5+ Kf8 15. Bd4 e5 16. Bf2 a6
17. Ba4 Qxc3 18. Qd3 Nxe4 19. Qxe4 Nc4 20. Qxb7 g6 21. Rd3 Qa5
22. Qc8+ Kg7 23. Qxc4 1-0

[Event "FSGM August"]
[Site "Budapest HUN"]
[Date "2001.08.11"]
[EventDate "2001.08.04"]
[Round "8"]
[Result "0-1"]
[White "Nelson Castaneda"]
[Black "Vinay Bhat"]
[WhiteElo "2341"]
[BlackElo "2404"]
[PlyCount "100"]

1. e4 e6 2. d4 d5 3. Nd2 Nf6 4. e5 Nfd7 5. Bd3 c5 6. c3 Nc6
7. Ne2 cxd4 8. cxd4 f6 9. exf6 Nxf6 10. O-O Bd6 11. Nf3 Qc7
12. Bd2 O-O 13. Rc1 a6 14. Ng3 Bd7 15. Re1 Qb6 16. Bg5 Ng4
17. Bb1 g6 18. Rc2 Rf7 19. Nf1 Raf8 20. h3 Rxf3 21. hxg4 R3f4
22. Bxf4 Rxf4 23. Re3 Nxd4 24. Rd2 Bb4 25. Rdd3 Bc5 26. Rc3
Nb5 27. Rxc5 Qxc5 28. Rf3 Rxf3 29. Qxf3 Qd4 30. b3 Nc3 31. Bc2
Nxa2 32. Qg3 e5 33. Qh4 Qb6 34. Qg5 Nb4 35. Qe7 Be6 36. Qe8+
Kg7 37. Qe7+ Bf7 38. Qxe5+ Qf6 39. Qxf6+ Kxf6 40. Bd1 Ke5
41. Nd2 Kd4 42. Nf3+ Kc3 43. Ne5 Be6 44. f4 d4 45. Kf2 d3
46. Ke3 d2 47. Nc4 b5 48. Nd6 Nd5+ 49. Ke4 Nf6+ 50. Ke5 Bxg4
0-1

[Event "FSGM August"]
[Site "Budapest HUN"]
[Date "2001.08.13"]
[EventDate "2001.08.04"]
[Round "10"]
[Result "1/2-1/2"]
[White "Tibor Fogarasi"]
[Black "Vinay Bhat"]
[WhiteElo "2449"]
[BlackElo "2404"]
[PlyCount "81"]

1. e4 e6 2. d4 d5 3. Nc3 Nf6 4. e5 Nfd7 5. f4 c5 6. Nf3 Nc6
7. Be3 a6 8. Qd2 b5 9. dxc5 Bxc5 10. Bxc5 Nxc5 11. Qf2 Qb6
12. b4 d4 13. Nxd4 Nxb4 14. Rb1 Qa5 15. Ndxb5 Ne4 16. Qf3 Nxa2
17. Nc7+ Ke7 18. Qxe4 Ra7 19. Nxa6 Bxa6 20. Bxa6 Rd8 21. O-O
Nxc3 22. Rb7+ Kf8 23. Qxh7 Rxb7 24. Bxb7 Qb6+ 25. Kh1 Qxb7
26. Qh8+ Ke7 27. Qxg7 Ne4 28. h3 Qc8 29. Ra1 Qc5 30. Kh2 Qe3
31. Qg4 Qd4 32. Rb1 Nc5 33. Qg5+ Kd7 34. Qf6 Rf8 35. c3 Qd2
36. Ra1 Ne4 37. Ra7+ Kc6 38. Qe7 Qxf4+ 39. Kg1 Qf2+ 40. Kh2
Qg3+ 41. Kg1 1/2-1/2

[Event "FSGM August"]
[Site "Budapest HUN"]
[Date "2001.08.14"]
[EventDate "2001.08.04"]
[Round "11"]
[Result "1/2-1/2"]
[White "Vinay Bhat"]
[Black "Peter Lukacs"]
[WhiteElo "2404"]
[BlackElo "2432"]
[PlyCount "32"]

1. e4 e5 2. Nf3 Nc6 3. Bb5 a6 4. Bxc6 dxc6 5. O-O f6 6. d4 Bg4
7. dxe5 Qxd1 8. Rxd1 fxe5 9. Nbd2 O-O-O 10. Re1 Bd6 11. h3 Bh5
12. g4 Bf7 13. Nf1 Rf8 14. Kg2 Ne7 15. Ng3 h6 16. b3 c5
1/2-1/2

[Event "FSGM August"]
[Site "Budapest HUN"]
[Date "2001.08.15"]
[EventDate "2001.08.04"]
[Round "12"]
[Result "1/2-1/2"]
[White "Vinay Bhat"]
[Black "Kidambi Sundararajan"]
[WhiteElo "2404"]
[BlackElo "2421"]
[PlyCount "82"]

1. e4 c5 2. Nf3 d6 3. d4 cxd4 4. Nxd4 Nf6 5. Nc3 e6 6. g3 Be7
7. Bg2 O-O 8. O-O Nc6 9. Be3 Bd7 10. Ndb5 Qb8 11. a4 Rd8
12. f4 Be8 13. Kh1 b6 14. f5 a6 15. Nd4 e5 16. Nxc6 Bxc6
17. Nd5 Bxd5 18. exd5 Qc7 19. Qe2 Rdc8 20. Rfc1 Nd7 21. h4 Bf6
22. Qf2 Qd8 23. c4 a5 24. Be4 Nc5 25. Bxc5 bxc5 26. Rc3 Rab8
27. Rd1 Rb4 28. b3 Rcb8 29. Rdd3 R8b7 30. Kh2 Qb8 31. Qf3 Qd8
32. Kh3 h6 33. Qh5 Qb8 34. Qd1 Qd8 35. Qh5 Qb8 36. g4 Rxb3
37. g5 Rxc3 38. Rxc3 Rb3 39. Rf3 Rxf3+ 40. Bxf3 e4 41. gxf6
Qb3 1/2-1/2

[Event "FSGM August"]
[Site "Budapest HUN"]
[Date "2001.08.16"]
[EventDate "2001.08.04"]
[Round "13"]
[Result "1/2-1/2"]
[White "Lothar Arnold"]
[Black "Vinay Bhat"]
[WhiteElo "2408"]
[BlackElo "2404"]
[PlyCount "55"]

1. e4 e6 2. d4 d5 3. Nc3 Nf6 4. e5 Nfd7 5. Nce2 c5 6. c3 Nc6
7. f4 Qb6 8. Nf3 f6 9. g3 cxd4 10. cxd4 fxe5 11. fxe5 Bb4+
12. Nc3 O-O 13. Bf4 Be7 14. Na4 Qa5+ 15. Nc3 Nb6 16. Bd3 Nc4
17. Qb1 h6 18. Bxc4 dxc4 19. Qg6 Kh8 20. O-O Qd8 21. Bxh6 gxh6
22. Qxh6+ Kg8 23. Qg6+ Kh8 24. Ne4 Rxf3 25. Qh6+ Kg8 26. Qg6+
Kh8 27. Qh6+ Kg8 28. Qg6+ 1/2-1/2

[Event "WYB18"]
[Site "Oropesa del Mar ESP"]
[Date "2001.10.23"]
[EventDate "2001.10.06"]
[Round "3"]
[Result "1-0"]
[White "Constantin Lupulescu"]
[Black "Vinay Bhat"]
[WhiteElo "2467"]
[BlackElo "2403"]
[PlyCount "91"]

1. e4 e6 2. d4 d5 3. Nd2 Nf6 4. e5 Nfd7 5. f4 c5 6. c3 Nc6
7. Ndf3 Qb6 8. Ne2 f6 9. g3 cxd4 10. cxd4 fxe5 11. fxe5 Bb4+
12. Nc3 O-O 13. Bf4 g5 14. Nxg5 Qxd4 15. Qxd4 Nxd4 16. O-O-O
h6 17. Rxd4 Bxc3 18. Nxe6 Bxd4 19. Nxd4 Re8 20. e6 Nc5 21. Bb5
Nxe6 22. Bxe8 Nxd4 23. Bh5 Bf5 24. Kd2 Rc8 25. Rc1 Rxc1
26. Kxc1 Kh7 27. Kd2 Bg6 28. Bd1 Bb1 29. a4 Be4 30. Be3 Nc6
31. Kc3 Kg6 32. b4 b6 33. Be2 Kf5 34. Bb5 h5 35. Be2 h4 36. b5
hxg3 37. bxc6 gxh2 38. c7 h1=Q 39. c8=Q+ Kf6 40. Qf8+ Kg6
41. Qg8+ Kf6 42. Bd4+ Ke7 43. Qg7+ Kd6 44. Be5+ Ke6 45. Bg4+
Bf5 46. Qf6+ 1-0

[Event "WYB18"]
[Site "Oropesa del Mar ESP"]
[Date "2001.10.24"]
[EventDate "2001.10.06"]
[Round "4"]
[Result "0-1"]
[White "Vinay Bhat"]
[Black "Sharma Himanshu"]
[WhiteElo "2403"]
[BlackElo "2189"]
[PlyCount "132"]

1. e4 c5 2. Nc3 e6 3. g3 Nc6 4. Bg2 Nf6 5. d3 d5 6. exd5 exd5
7. Bg5 d4 8. Ne4 Be7 9. Bd2 O-O 10. Ne2 Nd5 11. Nf4 Nxf4
12. gxf4 f5 13. Ng3 Be6 14. Qf3 Kh8 15. a3 Rf6 16. O-O-O Rc8
17. Rhe1 b5 18. Rxe6 Rxe6 19. Nxf5 Bf8 20. Qh3 Rf6 21. Be4 Qd7
22. Qg4 Ne7 23. Ne3 Qc7 24. Nd5 Nxd5 25. Bxd5 c4 26. Kb1 c3
27. bxc3 Bxa3 28. Re1 dxc3 29. Be3 Re8 30. Qh5 Re7 31. Rg1 Qd6
32. Bb3 Qd7 33. Rg5 a6 34. Ka2 Bb2 35. Rc5 Qd8 36. Kb1 Rxf4
37. Qh3 Qf8 38. Ka2 Rxe3 39. Qxe3 h6 40. d4 Rxf2 41. Be6 Rf1
42. Kb3 Ra1 43. d5 a5 44. Rxb5 Ra3+ 45. Kc4 Ra4+ 46. Kd3 Qf1+
47. Qe2 Rd4+ 48. Kxd4 Qxe2 49. Rb8+ Kh7 50. Bf5+ g6 51. Rb7+
Kh8 52. Be4 Qxh2 53. Rd7 Ba3 54. Kc4 Qf4 55. Kd3 Bc5 56. Kc4
Bf8 57. Kd3 Qg3+ 58. Kd4 h5 59. Rd8 Kg7 60. Kc4 Qh4 61. Rd7+
Kh6 62. Kd4 Bg7+ 63. Rxg7 Kxg7 64. d6 Kf7 65. Kd5 Qg5+ 66. Kc6
Ke6 0-1

[Event "WYB18"]
[Site "Oropesa del Mar ESP"]
[Date "2001.10.28"]
[EventDate "2001.10.06"]
[Round "7"]
[Result "1/2-1/2"]
[White "Tigran Gharamian"]
[Black "Vinay Bhat"]
[WhiteElo "2215"]
[BlackElo "2403"]
[PlyCount "75"]

1. e4 e6 2. d4 d5 3. Nd2 Nf6 4. e5 Nfd7 5. Bd3 c5 6. c3 Nc6
7. Ne2 cxd4 8. cxd4 f6 9. exf6 Nxf6 10. Nf3 Qc7 11. O-O Bd6
12. Bg5 O-O 13. Bh4 Nh5 14. Qc2 h6 15. Bg6 Rxf3 16. Bxh5 Bxh2+
17. Kh1 Rf5 18. g4 Rf8 19. f4 Bxf4 20. Bg3 Nxd4 21. Qxc7 Bxc7
22. Bxc7 Rxf1+ 23. Rxf1 Nxe2 24. Rf7 g5 25. Be5 Nf4 26. Rg7+
Kf8 27. Rf7+ Kg8 28. Rg7+ Kf8 29. Rh7 Nxh5 30. gxh5 d4
31. Bxd4 e5 32. Rh8+ Kf7 33. Bxe5 Ke6 34. Bc3 Kf5 35. Rxh6 Kg4
36. Kg1 Bf5 37. Rf6 Rd8 38. Kf2 1/2-1/2

[Event "WYB18"]
[Site "Oropesa del Mar ESP"]
[Date "2001.10.29"]
[EventDate "2001.10.06"]
[Round "8"]
[Result "1/2-1/2"]
[White "Vinay Bhat"]
[Black "Lukas Cernousek"]
[WhiteElo "2403"]
[BlackElo "2276"]
[PlyCount "87"]

1. e4 c5 2. Nc3 Nc6 3. g3 g6 4. Bg2 Bg7 5. d3 d6 6. Nge2 Rb8
7. O-O e6 8. Be3 b5 9. d4 b4 10. Na4 cxd4 11. Nxd4 Bd7 12. b3
Nge7 13. Nxc6 Nxc6 14. Rc1 Qe7 15. Qd2 Na5 16. Bxa7 Rb7
17. Bd4 Bxd4 18. Qxd4 e5 19. Qd5 Bxa4 20. Qxa5 Bc6 21. c3 Rb5
22. Qa6 Qb7 23. Qxb7 Bxb7 24. Rfd1 Ke7 25. Bf1 Rc5 26. cxb4
Rxc1 27. Rxc1 Bxe4 28. a4 d5 29. a5 d4 30. Bg2 Bf5 31. a6 d3
32. a7 e4 33. b5 d2 34. Rd1 Rc8 35. Kf1 Bg4 36. f3 exf3
37. Rxd2 fxg2+ 38. Kxg2 Bd7 39. b6 Bc6+ 40. Kf2 Bb7 41. Re2+
Kd7 42. Rd2+ Ke7 43. Re2+ Kd7 44. Rd2+ 1/2-1/2

[Event "WYB18"]
[Site "Oropesa del Mar ESP"]
[Date "2001.10.30"]
[EventDate "2001.10.06"]
[Round "9"]
[Result "0-1"]
[White "Vitaly Teterev"]
[Black "Vinay Bhat"]
[WhiteElo "2301"]
[BlackElo "2403"]
[PlyCount "68"]

1. e4 e6 2. d3 d5 3. Nd2 Nf6 4. Ngf3 c5 5. g3 Nc6 6. Bg2 Be7
7. O-O O-O 8. Re1 b5 9. e5 Nd7 10. h4 a5 11. Nf1 Ba6 12. Bf4
b4 13. N1h2 a4 14. a3 bxa3 15. bxa3 Rb8 16. Bh3 Rb2 17. Bc1
Rb6 18. Bf4 Qb8 19. Ng4 Qa7 20. Bg5 Rc8 21. Bxe7 Nxe7 22. h5
h6 23. Qc1 Nf5 24. Qf4 Rb2 25. Rac1 Qb6 26. Nh4 Nxh4 27. gxh4
Qd8 28. Kh2 Qf8 29. Rg1 Kh8 30. Rg3 c4 31. d4 c3 32. Ne3 Be2
33. Nxd5 Bxh5 34. Nb4 Bg6 0-1

[Event "XXIV Andorra Open"]
[Site "Andorra la Vella AND"]
[Date "2006.07.11"]
[EventDate "2006.07.08"]
[Round "4"]
[Result "0-1"]
[White "Emilia Djingarova"]
[Black "Vinay Bhat"]
[WhiteElo "2300"]
[BlackElo "2409"]
[PlyCount "126"]

1. e4 e6 2. d4 d5 3. exd5 exd5 4. Nf3 Nc6 5. Bb5 Bd6 6. c4
dxc4 7. d5 a6 8. Ba4 b5 9. dxc6 bxa4 10. O-O Ne7 11. Qxa4 Rb8
12. Qxc4 O-O 13. Nc3 Rb4 14. Qe2 Nxc6 15. Bg5 f6 16. a3 Nd4
17. Nxd4 Rxd4 18. Be3 Rg4 19. f3 Rg6 20. Ne4 Re8 21. Qc4+ Be6
22. Qxa6 Be5 23. Rad1 Qb8 24. b4 f5 25. Nc5 Bb3 26. Qd3 Bxd1
27. Rxd1 Rd6 28. Qb3+ Kh8 29. Rxd6 Bxd6 30. Bd4 Bxc5 31. Bxc5
Re1+ 32. Kf2 Qe8 33. Be3 Rh1 34. Qc4 Ra1 35. Bc1 Qe5 36. g3 h6
37. h4 c6 38. h5 Kh7 39. Qc2 Qe6 40. Bd2 Qd5 41. Qc3 Rh1
42. Kg2 Rd1 43. Be3 Rd3 44. Qc5 Qxc5 45. Bxc5 Rxa3 46. Kf2 g6
47. hxg6+ Kxg6 48. Kg2 h5 49. Kf2 Kf6 50. Kg2 Ke6 51. f4 Kd5
52. Kh3 Ra2 53. Kh4 Rh2+ 54. Kg5 Ke4 55. Bd6 Rh3 56. Be5 Rxg3+
57. Kxh5 Rg4 58. Bd6 Rxf4 59. Kg5 Rg4+ 60. Kf6 f4 61. Bc5 f3
62. Ke6 Rg6+ 63. Kd7 Kd5 0-1

[Event "XXIV Andorra Open"]
[Site "Andorra la Vella AND"]
[Date "2006.07.12"]
[EventDate "2006.07.08"]
[Round "5"]
[Result "0-1"]
[White "Vinay Bhat"]
[Black "Oscar De la Riva Aguado"]
[WhiteElo "2409"]
[BlackElo "2517"]
[PlyCount "50"]

1. d4 f5 2. Nc3 Nf6 3. Bg5 d5 4. Bxf6 exf6 5. e3 Be6 6. Qf3
Qd7 7. Bb5 Nc6 8. Nge2 O-O-O 9. Nf4 g6 10. Nd3 Kb8 11. a3 Qd6
12. b4 Bc8 13. Nc5 Ne5 14. Qe2 c6 15. Ba4 Nc4 16. O-O Qc7
17. Rfb1 f4 18. Bb3 fxe3 19. fxe3 Bh6 20. Bxc4 dxc4 21. Rd1 f5
22. Qxc4 Bxe3+ 23. Kh1 h5 24. Qb3 Bxd4 25. Re1 Qg7 0-1

[Event "XXIV Andorra Open"]
[Site "Andorra la Vella AND"]
[Date "2006.07.13"]
[EventDate "2006.07.08"]
[Round "6"]
[Result "0-1"]
[White "P Gallego Eraso"]
[Black "Vinay Bhat"]
[WhiteElo "2375"]
[BlackElo "2409"]
[PlyCount "168"]

1. e4 e6 2. d4 d5 3. Nd2 Nf6 4. e5 Nfd7 5. c3 c5 6. f4 Nc6
7. Ndf3 Qb6 8. g3 Be7 9. Kf2 a5 10. Rb1 cxd4 11. cxd4 f6
12. Kg2 f5 13. Ne2 a4 14. Nc3 a3 15. bxa3 Qd8 16. g4 fxg4
17. Ne1 Nf8 18. Nc2 Ng6 19. Qxg4 Nh4+ 20. Kh3 O-O 21. Bd3 Nf5
22. Rg1 Rf7 23. Bxf5 exf5 24. Qf3 Ra5 25. Kg2 Bf8 26. Kh1 Be6
27. Rb3 Qa8 28. Qd3 Qd8 29. Nb5 Ra4 30. Bd2 Qh4 31. Qf1 Rc4
32. Bc3 Ra4 33. Bb2 Na5 34. Rh3 Qd8 35. Nc3 Rc4 36. Qd1 g6
37. Ne3 Rc6 38. Qf3 Nc4 39. Nxc4 Rxc4 40. Nd1 Qa5 41. Qd3 Rfc7
42. Ne3 Qa4 43. Rhg3 Kf7 44. h4 Ke8 45. Rh3 Qb5 46. Qb3 Qc6
47. h5 Rg7 48. hxg6 hxg6 49. Rh8 Qd7 50. Bc3 Rh7+ 51. Rxh7
Qxh7+ 52. Kg2 Qh5 53. Re1 Rc7 54. Qb5+ Bd7 55. Qa5 b6 56. Qxb6
Rxc3 57. e6 Rc2+ 58. Nxc2 Qg4+ 59. Kf2 Qxf4+ 60. Ke2 Ba4
61. Ne3 Bh6 62. Kd3 Qe4+ 63. Kc3 Bxe3 64. Qb8+ Ke7 65. Qa7+
Kxe6 66. Qxa4 Bxd4+ 67. Kb3 Be3 68. Qe8+ Kd6 69. Rxe3 Qb1+
70. Ka4 Qc2+ 71. Kb5 Qc4+ 72. Ka5 Qc5+ 73. Ka6 Qc4+ 74. Qb5 f4
75. Qxc4 dxc4 76. Re8 c3 77. Rc8 g5 78. Rxc3 g4 79. Rc8 f3
80. Rf8 Ke5 81. a4 Ke4 82. a5 g3 83. Re8+ Kd5 84. Kb5 g2 0-1